[Event "XIV Miedzynarodowe Mistrzostwa Gdanska "]
[Site "CEN Gdansk"]
[Date "2012.??.??"]
[Round "5.14"]
[White "Maksimenko, Andrei Jr"]
[Black "Zielinski, Maciej"]
[Result "1-0"]
[WhiteElo "1874"]
[BlackElo "2096"]
[PlyCount "155"]
[EventDate "2012.??.??"]

1. e4 e5 2. Nf3 Nc6 3. Nc3 Nf6 4. d4 Bb4 5. d5 Ne7 6. Nxe5 O-O 7. Bd3 Re8 8.
O-O Nexd5 9. exd5 Rxe5 10. Bf4 Bxc3 11. bxc3 Rxd5 12. Re1 d6 13. c4 Rc5 14. Be3
Re5 15. Qd2 Bf5 16. f4 Ne4 17. Qb4 Re8 18. Qxb7 Rb8 19. Qd5 Bg6 20. Bxa7 Nf6
21. Qg5 h6 22. Qh4 Ra8 23. Bd4 Rxe1+ 24. Rxe1 Bxd3 25. cxd3 Rxa2 26. h3 Rd2 27.
Re3 c5 28. Bc3 Rc2 29. Bxf6 Qxf6 30. Re8+ Kh7 31. Qxf6 gxf6 32. Rd8 Kg6 33. g4
f5 34. Rxd6+ f6 35. Rd5 Rd2 36. Rxc5 Rxd3 37. gxf5+ Kf7 38. Rc7+ Ke8 39. Kg2
Rc3 40. Rh7 Rxc4 41. Kg3 Rc1 42. Rxh6 Kf7 43. Rh7+ Kg8 44. Rh6 Kf7 45. Kg4 Rc6
46. Rh7+ Kg8 47. Re7 Rc1 48. Kh5 Rg1 49. h4 Rg2 50. Kh6 Rg4 51. h5 Rg1 52. Rc7
Rg4 53. Rc8+ Kf7 54. Kh7 Rg7+ 55. Kh6 Rg4 56. Rc6 Rg1 57. Rc7+ Kg8 58. Rc8+ Kf7
59. Kh7 Rg7+ 60. Kh8 Rg4 61. h6 Rxf4 62. Rc7+ Kf8 63. Rc5 Rg4 64. Kh7 Rg5 65.
Rc8+ Kf7 66. Rc7+ Kf8 67. Rc5 Kf7 68. Rb5 Ke8 69. Rb7 Kf8 70. Rc7 Rg1 71. Rg7
Ra1 72. Kg6 Rg1+ 73. Kxf6 Rh1 74. Rg6 Rh2 75. Kg5 Rg2+ 76. Kf4 Rf2+ 77. Kg3
Rxf5 78. h7 1-0

[Event "XIV Miedzynarodowe Mistrzostwa Gdanska "]
[Site "CEN Gdansk"]
[Date "2012.??.??"]
[Round "5.17"]
[White "Moszczenski, Milosz"]
[Black "Kumala, Aleksander"]
[Result "1-0"]
[WhiteElo "1718"]
[BlackElo "1974"]
[PlyCount "51"]
[EventDate "2012.??.??"]

1. d4 c5 2. d5 f5 3. c4 e5 4. dxe6 Nf6 5. exd7+ Bxd7 6. e3 Nc6 7. Nf3 Qc7 8.
Nc3 O-O-O 9. Bd2 h6 10. h4 g6 11. Nb5 Qb8 12. Bc3 Be6 13. Qxd8+ Kxd8 14. Bxf6+
Ke8 15. Bxh8 a6 16. Nc3 f4 17. e4 Nb4 18. O-O-O b5 19. a3 bxc4 20. Be5 Qb7 21.
axb4 cxb4 22. Nd5 c3 23. Nc7+ Kf7 24. Nxe6 Kxe6 25. Bc4+ Ke7 26. Rd4 1-0

[Event "XIV Miedzynarodowe Mistrzostwa Gdanska "]
[Site "CEN Gdansk"]
[Date "2012.??.??"]
[Round "5.18"]
[White "Pham, Juliusz"]
[Black "Pastuszko, Kinga"]
[Result "1/2-1/2"]
[WhiteElo "1714"]
[BlackElo "1958"]
[PlyCount "86"]
[EventDate "2012.??.??"]

1. d4 d5 2. Nf3 Nf6 3. c3 e6 4. Bg5 h6 5. Bh4 c5 6. e3 Nc6 7. Bd3 Bd6 8. O-O
O-O 9. Nbd2 e5 10. dxc5 Bxc5 11. e4 Be7 12. Qe2 d4 13. cxd4 Nxd4 14. Nxd4 Qxd4
15. Nf3 Qd6 16. Bg3 Bg4 17. Rfd1 Bxf3 18. Qxf3 Qe6 19. b3 Bc5 20. Rab1 Qe7 21.
Bh4 Rac8 22. Qf5 Rc7 23. Bc4 Bd4 24. Rd2 Qd7 25. Qf3 Qg4 26. Bxf6 Qxf3 27. gxf3
gxf6 28. f4 Kh7 29. Kh1 Rg8 30. fxe5 fxe5 31. Rg1 Rxg1+ 32. Kxg1 Kg6 33. Rd3 f5
34. Rg3+ Kf6 35. exf5 Kxf5 36. Rf3+ Kg6 37. Kg2 Rg7 38. Rg3+ Kf6 39. Rxg7 Kxg7
40. f3 Kf6 41. a4 Ke7 42. h3 Kd6 43. Bg8 Kc5 1/2-1/2

[Event "XIV Miedzynarodowe Mistrzostwa Gdanska "]
[Site "CEN Gdansk"]
[Date "2012.??.??"]
[Round "5.20"]
[White "Kindler, Przemyslaw"]
[Black "Piankov, Evgenij"]
[Result "0-1"]
[WhiteElo "1787"]
[BlackElo "2338"]
[PlyCount "56"]
[EventDate "2012.??.??"]

1. e4 g6 2. d4 Bg7 3. Nf3 c6 4. c4 d5 5. cxd5 cxd5 6. exd5 Nf6 7. Bf4 Nxd5 8.
Bxb8 Qa5+ 9. Nbd2 Rxb8 10. Qb3 O-O 11. Bc4 Nb6 12. O-O-O Nxc4 13. Nxc4 Qf5 14.
Ne3 Bh6 15. Rd2 Qe4 16. Re1 Bf5 17. Kd1 Be6 18. d5 Bg4 19. Ke2 Bxf3+ 20. gxf3
Qh4 21. Rh1 Rfd8 22. Qc3 Rbc8 23. Qe5 Rd7 24. Nf5 Qc4+ 25. Rd3 Qc2+ 26. Ke1
Qb1+ 27. Rd1 Qxf5 28. Qxf5 gxf5 0-1

[Event "XIV Miedzynarodowe Mistrzostwa Gdanska "]
[Site "CEN Gdansk"]
[Date "2012.??.??"]
[Round "5.21"]
[White "Grajczak, Adrian"]
[Black "Cichocka, Urszula"]
[Result "1-0"]
[WhiteElo "1999"]
[BlackElo "1723"]
[PlyCount "55"]
[EventDate "2012.??.??"]

1. e4 c5 2. Nf3 d6 3. d4 cxd4 4. Nxd4 Nf6 5. Nc3 a6 6. Bc4 e6 7. f4 Be7 8. O-O
Qc7 9. Bb3 Nc6 10. Be3 O-O 11. f5 Nxd4 12. Bxd4 Bd7 13. Qe2 b5 14. a3 e5 15.
Be3 Bc6 16. Bg5 Rae8 17. Bxf6 Bxf6 18. Bd5 Bd7 19. Rad1 Rc8 20. Rf3 Qc5+ 21.
Kh1 b4 22. axb4 Qxb4 23. Bb3 Bc6 24. Rh3 a5 25. Rxh7 Kxh7 26. Qh5+ Kg8 27. Rd3
Bg5 28. Qxg5 1-0

[Event "XIV Miedzynarodowe Mistrzostwa Gdanska "]
[Site "CEN Gdansk"]
[Date "2012.??.??"]
[Round "5.22"]
[White "Wrzesinski, Pawel"]
[Black "Janik, Igor"]
[Result "1-0"]
[WhiteElo "1960"]
[BlackElo "1767"]
[PlyCount "61"]
[EventDate "2012.??.??"]

1. e4 c5 2. Nf3 d6 3. d4 cxd4 4. Nxd4 Nf6 5. Nc3 g6 6. f4 Nc6 7. Bb5 Bd7 8. O-O
Qb6 9. Be3 Ng4 10. Nd5 Qd8 11. f5 Nxe3 12. Nxe3 Bg7 13. Nxc6 bxc6 14. Bc4 Qb6
15. Qf3 g5 16. Kh1 h5 17. Bb3 Qc5 18. Rad1 a5 19. a4 Bc8 20. Nc4 Ba6 21. f6
Bxf6 22. Nxd6+ Kf8 23. Nxf7 Rh7 24. Rfe1 Rxf7 25. Bxf7 g4 26. Qb3 Qe5 27. Bg8
Kg7 28. Qf7+ Kh6 29. Qh7+ Kg5 30. g3 e6 31. Bf7 1-0

[Event "XIV Miedzynarodowe Mistrzostwa Gdanska "]
[Site "CEN Gdansk"]
[Date "2012.??.??"]
[Round "5.23"]
[White "Traczewski, Wojciech"]
[Black "Wyrwa, Zdzislaw"]
[Result "1-0"]
[WhiteElo "1778"]
[BlackElo "1946"]
[PlyCount "91"]
[EventDate "2012.??.??"]

1. e4 c5 2. d4 cxd4 3. c3 dxc3 4. Nxc3 d6 5. Bc4 Nc6 6. Nf3 e6 7. O-O Be7 8.
Qe2 a6 9. Rd1 Bd7 10. e5 dxe5 11. Nxe5 Nxe5 12. Qxe5 Nf6 13. Ne4 Nxe4 14. Qxe4
Qc8 15. b3 Bc6 16. Qg4 Bf6 17. Rb1 O-O 18. Be3 b5 19. Bd3 Qb7 20. Rbc1 Bd5 21.
h4 Rfc8 22. h5 Rxc1 23. Rxc1 Rc8 24. Rxc8+ Qxc8 25. Bg5 Qd8 26. Bxf6 Qxf6 27.
Qd1 Qg5 28. Bf1 f5 29. Qc2 Qd8 30. Qc3 Qd6 31. Qc8+ Kf7 32. h6 gxh6 33. Be2 Kg7
34. Qe8 Qc7 35. a4 Qc1+ 36. Kh2 Qc7+ 37. Kg1 Bxb3 38. axb5 axb5 39. Bxb5 e5 40.
Bc6 Bf7 41. Qa8 e4 42. Qa1+ Kg6 43. Qa6 Kg5 44. Qa4 Qe7 45. Qd4 h5 46. Qg7+ 1-0

[Event "XIV Miedzynarodowe Mistrzostwa Gdanska "]
[Site "CEN Gdansk"]
[Date "2012.??.??"]
[Round "5.24"]
[White "Bobryk, Konrad"]
[Black "Zhuk, Ilya"]
[Result "1-0"]
[WhiteElo "1558"]
[BlackElo "1904"]
[PlyCount "61"]
[EventDate "2012.??.??"]

1. d4 Nf6 2. c4 c5 3. Nf3 cxd4 4. Nxd4 g6 5. g3 Bg7 6. Bg2 O-O 7. Nc3 Nc6 8.
Nc2 d6 9. O-O Rb8 10. b3 Bf5 11. e4 Nxe4 12. Nxe4 Bxa1 13. Nxa1 Qa5 14. Bh6
Rfe8 15. Nc2 Qxa2 16. Ne3 Be6 17. Ng5 Bd7 18. Nd5 Qa5 19. Re1 Ne5 20. f4 Qc5+
21. Kh1 Ng4 22. Ne4 Qa5 23. Bg5 f5 24. h3 fxe4 25. hxg4 Bxg4 26. Qb1 Kf7 27.
Rxe4 Bf5 28. Nxe7 Bxe4 29. Qxe4 Qc7 30. Qd5+ Kf8 31. Qg8# 1-0

[Event "XIV Miedzynarodowe Mistrzostwa Gdanska "]
[Site "CEN Gdansk"]
[Date "2012.??.??"]
[Round "5.25"]
[White "Wyczling, Bartosz"]
[Black "Grabowski, Jan"]
[Result "0-1"]
[WhiteElo "1591"]
[BlackElo "1886"]
[PlyCount "96"]
[EventDate "2012.??.??"]

1. d4 e6 2. c4 Nf6 3. Nc3 Bb4 4. Qc2 Nc6 5. Nf3 d5 6. cxd5 exd5 7. Bg5 h6 8.
Bd2 O-O 9. e3 Bxc3 10. bxc3 Re8 11. Be2 Ne4 12. O-O Bg4 13. h3 Bh5 14. Qd1 Bxf3
15. Bxf3 Na5 16. Be2 Nd6 17. Bc1 Nac4 18. Qc2 Re6 19. Bf3 Ne4 20. Bg4 Rc6 21.
Bf3 Ncd6 22. Bd2 Qe7 23. Be1 Re8 24. Rc1 Nc4 25. Be2 Kh8 26. Bxc4 Rxc4 27. Qb3
Nd6 28. Rc2 f5 29. Rc1 g5 30. Qd1 Rg8 31. Qf3 Qe6 32. g4 Qe4 33. Qg3 Ra4 34.
Ra1 Rf8 35. f4 fxg4 36. hxg4 Nc4 37. Rf3 Ra6 38. f5 Rff6 39. a4 b5 40. a5 Kg8
41. Ra2 Qe7 42. Re2 Rxa5 43. Qg2 Ra1 44. Rh3 Qe4 45. Qg3 a5 46. Reh2 Nd6 47.
Rg2 a4 48. Kh2 a3 0-1

[Event "XIV Miedzynarodowe Mistrzostwa Gdanska "]
[Site "CEN Gdansk"]
[Date "2012.??.??"]
[Round "5.26"]
[White "Ciesielski, Tomasz"]
[Black "Bieszk, Stanislaw"]
[Result "1-0"]
[WhiteElo "1837"]
[BlackElo "1700"]
[PlyCount "97"]
[EventDate "2012.??.??"]

1. e4 c5 2. d4 cxd4 3. c3 Nf6 4. e5 Nd5 5. Qxd4 e6 6. Nf3 d6 7. exd6 Qxd6 8.
Nbd2 f6 9. Bc4 Nc6 10. Ne4 Nxd4 11. Nxd6+ Bxd6 12. Nxd4 Bc5 13. Nb3 Bd6 14.
Bxd5 exd5 15. O-O Kf7 16. Be3 b6 17. Rfd1 Rd8 18. Rd2 Bb7 19. Rad1 Rac8 20. Nd4
Bc5 21. Nc2 Rd7 22. Bd4 Re8 23. Ne3 Ke6 24. Re1 Kf7 25. Red1 Ke6 26. Nc2 Kf7
27. Be3 g6 28. c4 Red8 29. Bxc5 bxc5 30. cxd5 Rxd5 31. Rxd5 Rxd5 32. Rxd5 Bxd5
33. a3 Ke6 34. Kf1 f5 35. f3 Ke5 36. Ke2 f4 37. Kd3 g5 38. Ne1 h5 39. Kc3 c4
40. h3 a5 41. Kd2 Be6 42. Kc3 Bd5 43. Kd2 Kd4 44. Nc2+ Kc5 45. Kc3 Bxf3 46.
gxf3 g4 47. hxg4 hxg4 48. fxg4 f3 49. Ne3 1-0

[Event "XIV Miedzynarodowe Mistrzostwa Gdanska "]
[Site "CEN Gdansk"]
[Date "2012.??.??"]
[Round "5.27"]
[White "Tarajkiewicz, Krzysztof"]
[Black "Szymanowski, Mateusz"]
[Result "1/2-1/2"]
[WhiteElo "1574"]
[BlackElo "1833"]
[PlyCount "73"]
[EventDate "2012.??.??"]

1. e4 c5 2. d4 cxd4 3. c3 d3 4. c4 d2+ 5. Bxd2 Nc6 6. Nf3 d6 7. Nc3 Bg4 8. Be2
Bxf3 9. Bxf3 e6 10. O-O Be7 11. Bf4 a6 12. Qd2 Nf6 13. Rfd1 e5 14. Be3 O-O 15.
Nd5 Nxd5 16. cxd5 Nd4 17. Bxd4 exd4 18. Qxd4 Bf6 19. Qb4 Qd7 20. Be2 a5 21. Qb6
Rfc8 22. Rac1 Bd8 23. Bb5 Rxc1 24. Rxc1 Bxb6 25. Bxd7 Bc5 26. Kf1 Kf8 27. Ke2
Ke7 28. Bb5 Rc8 29. a3 Rc7 30. f4 Bb6 31. Rxc7+ Bxc7 32. Kf3 Bb6 33. g4 Bd4 34.
b3 Bb2 35. a4 f6 36. h4 h6 37. h5 1/2-1/2

[Event "XIV Miedzynarodowe Mistrzostwa Gdanska "]
[Site "CEN Gdansk"]
[Date "2012.??.??"]
[Round "5.28"]
[White "Frej, Zofia"]
[Black "Wojszkun, Tadeusz"]
[Result "1/2-1/2"]
[WhiteElo "1545"]
[BlackElo "1809"]
[PlyCount "69"]
[EventDate "2012.??.??"]

1. e4 g6 2. d4 Bg7 3. Nf3 d6 4. Bc4 Nf6 5. Nc3 O-O 6. O-O Nxe4 7. Nxe4 d5 8.
Bd3 dxe4 9. Bxe4 Nd7 10. c3 Nf6 11. Bd3 b6 12. Bf4 Bb7 13. h3 Rc8 14. Qe2 Re8
15. Ba6 Bxa6 16. Qxa6 Ra8 17. Rfe1 Qc8 18. Qc4 c5 19. dxc5 bxc5 20. Ne5 e6 21.
Be3 Qb7 22. Qb3 Qc7 23. Bf4 Nd5 24. Bg3 Qb6 25. Ng4 Qc6 26. Be5 f6 27. Bg3 Bf8
28. Ne3 Rad8 29. Ng4 h5 30. Ne3 Kg7 31. Rad1 Nxe3 32. Rxe3 c4 33. Qc2 Bc5 34.
Re2 Rd5 35. Rde1 1/2-1/2

[Event "XIV Miedzynarodowe Mistrzostwa Gdanska "]
[Site "CEN Gdansk"]
[Date "2012.??.??"]
[Round "5.31"]
[White "Ciszewski, Marek"]
[Black "Vakhitov, Dmitri"]
[Result "0-1"]
[WhiteElo "1953"]
[BlackElo "1643"]
[PlyCount "38"]
[EventDate "2012.??.??"]

1. e4 c5 2. b4 d6 3. bxc5 dxc5 4. Bb5+ Bd7 5. Qe2 a6 6. Bxd7+ Qxd7 7. Bb2 Nc6
8. Nf3 e6 9. c4 Nge7 10. O-O Ng6 11. g3 e5 12. Nc3 Nd4 13. Nxd4 cxd4 14. Nd5
Bc5 15. Qd3 O-O 16. Ba3 Rac8 17. Rab1 Ne7 18. Bxc5 Rxc5 19. Rb6 Nc6 0-1

[Event "XIV Miedzynarodowe Mistrzostwa Gdanska "]
[Site "CEN Gdansk"]
[Date "2012.??.??"]
[Round "5.33"]
[White "Sieklucki, Adam"]
[Black "Kotlowska, Anna"]
[Result "1-0"]
[WhiteElo "1847"]
[BlackElo "1647"]
[PlyCount "97"]
[EventDate "2012.??.??"]

1. Nf3 Nf6 2. d4 g6 3. c4 Bg7 4. Nc3 O-O 5. Bf4 d6 6. e3 Nbd7 7. Be2 Re8 8. O-O
Nh5 9. Bg5 h6 10. Bh4 g5 11. Nd2 Nhf6 12. Bg3 e5 13. dxe5 Nxe5 14. Qb3 Qe7 15.
Nd5 Nxd5 16. cxd5 Nd7 17. Rac1 Nc5 18. Qc2 a5 19. Nb3 b6 20. Bb5 Bd7 21. Bxd7
Qxd7 22. Nd4 Rac8 23. Nf5 Bf8 24. f3 Qb5 25. Rfd1 Nd7 26. Qc6 Qxc6 27. Rxc6 Nc5
28. e4 Kh7 29. h4 g4 30. Bf4 gxf3 31. gxf3 Kg6 32. Rd2 Nxe4 33. fxe4 Rxe4 34.
Nxd6 Bxd6 35. Bxd6 Kh5 36. Bg3 Rg8 37. Kh2 Reg4 38. Rc3 f5 39. Rf2 Rf8 40. Rf4
Rxf4 41. Bxf4 Kxh4 42. Bxc7 Re8 43. Bg3+ Kg5 44. Rf3 Re4 45. d6 Rd4 46. Bf4+
Kg4 47. Rf2 h5 48. Rd2 Rxf4 49. d7 1-0

[Event "XIV Miedzynarodowe Mistrzostwa Gdanska "]
[Site "CEN Gdansk"]
[Date "2012.??.??"]
[Round "5.34"]
[White "Pofelski, Andrzej"]
[Black "Wyczling, Artur"]
[Result "1-0"]
[WhiteElo "1842"]
[BlackElo "1499"]
[PlyCount "99"]
[EventDate "2012.??.??"]

1. Nf3 Nf6 2. c4 e6 3. d4 b6 4. g3 Bb7 5. Bg2 Bb4+ 6. Bd2 Bxd2+ 7. Nbxd2 O-O 8.
O-O d5 9. Ne5 Nbd7 10. Nxd7 Nxd7 11. e3 Qe7 12. a3 a5 13. Rc1 c5 14. cxd5 exd5
15. Re1 Nf6 16. dxc5 bxc5 17. Qc2 Rfc8 18. e4 dxe4 19. Nxe4 Nxe4 20. Bxe4 Bxe4
21. Rxe4 Qb7 22. Rc4 g6 23. b4 axb4 24. axb4 Rab8 25. bxc5 Rc6 26. Qc3 Rbc8 27.
h4 Qe7 28. Re1 Qf8 29. Rc1 Qe7 30. Qe3 Re6 31. Qc3 Rec6 32. h5 Qg5 33. hxg6
hxg6 34. Rh4 Qf6 35. Qxf6 Rxf6 36. Rhc4 Rfc6 37. f4 Kg7 38. Kf2 f5 39. Kf3 Rd8
40. Re1 Rd5 41. Re5 Rd3+ 42. Kf2 Kf6 43. Re3 Rd5 44. Rec3 Rd2+ 45. Kf3 g5 46.
fxg5+ Kxg5 47. g4 Rd5 48. gxf5 Kxf5 49. Rh4 Ke5 50. Re3+ 1-0

[Event "XIV Miedzynarodowe Mistrzostwa Gdanska "]
[Site "CEN Gdansk"]
[Date "2012.??.??"]
[Round "5.35"]
[White "Grota, Mateusz"]
[Black "Belczewski, Jacek"]
[Result "1-0"]
[WhiteElo "1815"]
[BlackElo "1498"]
[PlyCount "89"]
[EventDate "2012.??.??"]

1. e4 e6 2. d4 d5 3. Nd2 Nf6 4. e5 Nfd7 5. Bd3 c5 6. c3 Nc6 7. Ne2 Qb6 8. Nf3
cxd4 9. cxd4 Bb4+ 10. Bd2 f6 11. exf6 Nxf6 12. Rc1 O-O 13. O-O Bd7 14. Bb1 Rac8
15. Bg5 Be8 16. Nf4 Bd7 17. Ne5 Nxe5 18. Rxc8 Bxc8 19. dxe5 Ne4 20. Nxd5 exd5
21. Qxd5+ Be6 22. Qxe4 Bf5 23. Qc4+ Be6 24. Qh4 h6 25. Be3 Bc5 26. Bxc5 Qxc5
27. Qg3 Bf5 28. Bxf5 Rxf5 29. Re1 Qb4 30. Qe3 Qxb2 31. e6 Rf8 32. e7 Re8 33.
Qe6+ Kh7 34. h3 Qb4 35. Re3 Qf4 36. Qd7 Qf7 37. Qxb7 Qxa2 38. Qd7 Qf7 39. Qxa7
Qd5 40. Qa4 Qf7 41. Rf3 Qg8 42. Qd7 Kh8 43. Qxe8 Qxe8 44. Rf8+ Qxf8 45. exf8=Q+
1-0

[Event "XIV Miedzynarodowe Mistrzostwa Gdanska "]
[Site "CEN Gdansk"]
[Date "2012.??.??"]
[Round "5.36"]
[White "Zwara, Szymon"]
[Black "Wicikowska, Agata"]
[Result "1-0"]
[WhiteElo "1737"]
[BlackElo "1487"]
[PlyCount "59"]
[EventDate "2012.??.??"]

1. d4 Nf6 2. c4 d5 3. cxd5 Nxd5 4. e4 Nf6 5. Nc3 e6 6. Nf3 Be7 7. Bd3 Nc6 8.
O-O O-O 9. Bb1 b6 10. a3 Bb7 11. h3 Rc8 12. Qd3 g6 13. Bh6 Re8 14. e5 Nd5 15.
Ne4 Bf8 16. Bxf8 Rxf8 17. Neg5 Nce7 18. Re1 Nf4 19. Qd2 Ned5 20. g3 Nh5 21. Ne4
Kg7 22. Ba2 Kg8 23. Qh6 f6 24. exf6 Nhxf6 25. Neg5 Qd7 26. Rxe6 Rce8 27. Rae1
Kh8 28. Ne5 Rxe6 29. Nxg6+ Kg8 30. Qxf8# 1-0

[Event "XIV Miedzynarodowe Mistrzostwa Gdanska "]
[Site "CEN Gdansk"]
[Date "2012.??.??"]
[Round "5.39"]
[White "Pawlowski, Pawel"]
[Black "Garbowski, Jakub"]
[Result "1/2-1/2"]
[WhiteElo "1837"]
[BlackElo "1572"]
[PlyCount "79"]
[EventDate "2012.??.??"]

1. Nf3 Nf6 2. g3 g6 3. Bg2 Bg7 4. O-O d5 5. c4 O-O 6. d4 dxc4 7. Nc3 c5 8. dxc5
Qa5 9. e4 Nc6 10. Qe2 Qxc5 11. Be3 Qa5 12. Qxc4 Be6 13. Qe2 h6 14. h3 Rfd8 15.
Rfd1 Rac8 16. Rd2 a6 17. a3 b5 18. Rad1 Bc4 19. Rxd8+ Rxd8 20. Rxd8+ Qxd8 21.
Qd2 Qxd2 22. Bxd2 e5 23. Bf1 Be6 24. Be3 Nd7 25. Bg2 Na5 26. Nd2 Nc4 27. Nxc4
Bxc4 28. Bf1 Be6 29. f3 Kf8 30. Kf2 Ke7 31. Ke1 Kd6 32. b4 Kc6 33. h4 Nb6 34.
Bc1 Bf8 35. Kf2 Nc4 36. Be2 f6 37. Bd3 g5 38. hxg5 hxg5 39. Bf1 Bf7 40. Bg2
1/2-1/2

[Event "XIV Miedzynarodowe Mistrzostwa Gdanska "]
[Site "CEN Gdansk"]
[Date "2012.??.??"]
[Round "5.40"]
[White "Teclaf, Pawel"]
[Black "Grabarczyk, Sylwester"]
[Result "1-0"]
[WhiteElo "1631"]
[BlackElo "1746"]
[PlyCount "73"]
[EventDate "2012.??.??"]

1. e4 d5 2. exd5 Nf6 3. Nf3 Nxd5 4. d4 Nc6 5. c4 Nf6 6. d5 Nb8 7. Nc3 e6 8. Bg5
h6 9. Bxf6 Qxf6 10. Be2 Be7 11. O-O O-O 12. Qc2 c6 13. Ne4 Qf4 14. d6 Bxd6 15.
g3 Qf5 16. Nh4 Qe5 17. Nf3 Qf5 18. Nh4 Qe5 19. f4 Qd4+ 20. Kg2 Be7 21. Rad1 Qb6
22. c5 Qc7 23. Nd6 Nd7 24. f5 e5 25. Bc4 Nxc5 26. Bxf7+ Rxf7 27. Nxf7 Kxf7 28.
Qc4+ Kf6 29. Ng6 b5 30. Qg4 Kf7 31. Nxe7 Qxe7 32. Qg6+ Kg8 33. f6 Bf5 34. Rxf5
Qf7 35. Qxf7+ Kxf7 36. fxg7+ Kxg7 37. Rxe5 1-0

[Event "XIV Miedzynarodowe Mistrzostwa Gdanska "]
[Site "CEN Gdansk"]
[Date "2012.??.??"]
[Round "5.41"]
[White "Zhuk, Dmitriy"]
[Black "Paziak, Patryk"]
[Result "1-0"]
[WhiteElo "1605"]
[BlackElo "1744"]
[PlyCount "69"]
[EventDate "2012.??.??"]

1. e4 d5 2. exd5 Nf6 3. c4 c6 4. dxc6 Nxc6 5. Nf3 Bg4 6. Nc3 e6 7. Be2 Be7 8.
O-O O-O 9. a3 Rc8 10. d3 Qd7 11. h3 Bxf3 12. Bxf3 Nd4 13. Be2 Rfd8 14. Bg4 Kh8
15. Be3 Nxg4 16. Qxg4 Nc2 17. Rad1 Nxe3 18. fxe3 f5 19. Qf3 Bf6 20. Nb5 a6 21.
Nc3 Bxc3 22. bxc3 b5 23. d4 Rxc4 24. e4 Kg8 25. Rc1 Rdc8 26. exf5 exf5 27. Qd3
g6 28. Rfe1 Re8 29. Rxe8+ Qxe8 30. d5 Qe4 31. Qd2 Qf4 32. Qxf4 Rxf4 33. Re1 Rc4
34. d6 Kf8 35. d7 1-0

[Event "XIV Miedzynarodowe Mistrzostwa Gdanska "]
[Site "CEN Gdansk"]
[Date "2012.??.??"]
[Round "5.42"]
[White "Kostecki, Samuel"]
[Black "Czerwinski, Bogumil"]
[Result "0-1"]
[WhiteElo "1447"]
[BlackElo "1739"]
[PlyCount "77"]
[EventDate "2012.??.??"]

1. d4 Nf6 2. g3 d5 3. Bg2 e6 4. c4 Bb4+ 5. Bd2 Bxd2+ 6. Nxd2 O-O 7. Ngf3 Nc6 8.
O-O b6 9. Qc2 Bb7 10. Rfd1 Re8 11. e4 dxe4 12. Nxe4 Nb4 13. Nxf6+ Qxf6 14. Qa4
a5 15. a3 Bxf3 16. Bxf3 Qxf3 17. axb4 axb4 18. Qxb4 Qe4 19. c5 Rab8 20. Ra7
bxc5 21. Qxc5 Rxb2 22. Qa3 Qc2 23. Rf1 h6 24. Qa5 Rb6 25. Qa3 Rd6 26. Rc1 Qe4
27. Qe3 Qxd4 28. Qxd4 Rxd4 29. Rcxc7 Rf8 30. h4 h5 31. Re7 Rd5 32. Kg2 Rf5 33.
f4 Rc8 34. Rab7 Rc2+ 35. Kf3 Rc3+ 36. Kf2 Ra5 37. Re8+ Kh7 38. Kg2 Ra2+ 39. Kh3
0-1

[Event "XIV Miedzynarodowe Mistrzostwa Gdanska "]
[Site "CEN Gdansk"]
[Date "2012.??.??"]
[Round "5.45"]
[White "Przybylowicz, Kazimierz"]
[Black "Tamon, Radoslaw"]
[Result "0-1"]
[WhiteElo "1724"]
[BlackElo "1623"]
[PlyCount "54"]
[EventDate "2012.??.??"]

1. e4 e5 2. Nf3 Nc6 3. Bb5 a6 4. Ba4 d6 5. c3 b5 6. Bc2 Be7 7. h3 Nf6 8. d4
exd4 9. Nxd4 Nxd4 10. cxd4 Bb7 11. Qe2 O-O 12. O-O Re8 13. b3 Bf8 14. Nd2 g6
15. e5 dxe5 16. dxe5 Nd5 17. Bb2 Nf4 18. Qg4 Qxd2 19. Rac1 Ne2+ 20. Kh2 Nxc1
21. Rxc1 Bg7 22. f4 h5 23. Qg3 Bh6 24. Rf1 Qxc2 25. Rf2 Qf5 26. e6 Qxe6 27. Qc3
f6 0-1

[Event "XIV Miedzynarodowe Mistrzostwa Gdanska "]
[Site "CEN Gdansk"]
[Date "2012.??.??"]
[Round "5.46"]
[White "Aftanasiuk, Jakub"]
[Black "Zaytseva, Kira"]
[Result "1/2-1/2"]
[WhiteElo "1548"]
[BlackElo "1643"]
[PlyCount "70"]
[EventDate "2012.??.??"]

1. e4 g6 2. d4 Bg7 3. Nf3 Nf6 4. Nc3 d6 5. Be3 O-O 6. Qd2 b6 7. Bh6 Bb7 8. Bxg7
Kxg7 9. Bd3 Nbd7 10. O-O c5 11. Rae1 cxd4 12. Nxd4 Qc7 13. Nb3 Nc5 14. f4 Nxb3
15. axb3 Nd7 16. b4 a6 17. Re3 e6 18. f5 e5 19. Rh3 h5 20. Qg5 Qd8 21. Rxh5
Qxg5 22. Rxg5 Rh8 23. Bc4 Raf8 24. Bd5 Bxd5 25. Nxd5 Rh4 26. fxg6 fxg6 27. Rxf8
Nxf8 28. Nxb6 Rxe4 29. c4 Ne6 30. Rg3 Nf4 31. Ra3 Re1+ 32. Kf2 Re2+ 33. Kf3
Rxb2 34. Rxa6 Rxb4 35. Nc8 Rxc4 1/2-1/2

[Event "XIV Miedzynarodowe Mistrzostwa Gdanska "]
[Site "CEN Gdansk"]
[Date "2012.??.??"]
[Round "5.47"]
[White "Zelajtys, Jozef"]
[Black "Wozniak, Konrad"]
[Result "1-0"]
[WhiteElo "1628"]
[BlackElo "1595"]
[PlyCount "66"]
[EventDate "2012.??.??"]

1. e4 d6 2. d4 Nf6 3. Nc3 g6 4. Bc4 Bg7 5. Nf3 O-O 6. Be3 Nbd7 7. Qd2 e5 8. O-O
Qe8 9. dxe5 Nxe5 10. Nxe5 Qxe5 11. f4 Qe8 12. Bd3 Ng4 13. Rae1 Nxe3 14. Qxe3
Be6 15. f5 Bxf5 16. exf5 Qxe3+ 17. Rxe3 Bd4 18. Kf2 Rae8 19. Rfe1 Rxe3 20. Rxe3
Re8 21. Nd1 Re5 22. Kf3 Bxe3 23. Nxe3 Kg7 24. g4 Kf6 25. Kf4 Ra5 26. g5+ Ke7
27. f6+ Ke6 28. b4 Re5 29. a4 a5 30. b5 b6 31. h4 Rc5 32. Ke4 Re5+ 33. Kd4 Kd7
1-0

[Event "XIV Miedzynarodowe Mistrzostwa Gdanska "]
[Site "CEN Gdansk"]
[Date "2012.??.??"]
[Round "6.1"]
[White "Malisauskas, Vidmantas"]
[Black "Cyborowski, Lukasz"]
[Result "1/2-1/2"]
[WhiteElo "2460"]
[BlackElo "2555"]
[PlyCount "22"]
[EventDate "2012.??.??"]

1. d4 d5 2. c4 c6 3. Nf3 Nf6 4. e3 e6 5. b3 Nbd7 6. Bb2 Be7 7. Bd3 O-O 8. O-O
b6 9. Nbd2 Bb7 10. Qe2 c5 11. cxd5 Nxd5 1/2-1/2

[Event "XIV Miedzynarodowe Mistrzostwa Gdanska "]
[Site "CEN Gdansk"]
[Date "2012.??.??"]
[Round "6.2"]
[White "Strzemiecki, Zbigniew"]
[Black "Grabarczyk, Miroslaw"]
[Result "1/2-1/2"]
[WhiteElo "2433"]
[BlackElo "2442"]
[PlyCount "31"]
[EventDate "2012.??.??"]

1. e4 e5 2. Nf3 Nf6 3. Nxe5 d6 4. Nf3 Nxe4 5. Nc3 Nxc3 6. dxc3 Nc6 7. Be3 Be7
8. Qd2 Be6 9. O-O-O Bf6 10. Kb1 Qd7 11. Nd4 Nxd4 12. Bxd4 Bxd4 13. Qxd4 O-O 14.
Bd3 Bf5 15. h4 Rfe8 16. Rde1 1/2-1/2

[Event "XIV Miedzynarodowe Mistrzostwa Gdanska "]
[Site "CEN Gdansk"]
[Date "2012.??.??"]
[Round "6.3"]
[White "Janczarski, Michal"]
[Black "Pioch, Zygmunt"]
[Result "1/2-1/2"]
[WhiteElo "2357"]
[BlackElo "2120"]
[PlyCount "71"]
[EventDate "2012.??.??"]

1. d4 Nf6 2. c4 c5 3. d5 b5 4. cxb5 a6 5. bxa6 g6 6. Nc3 Bxa6 7. g3 d6 8. Bg2
Nbd7 9. Nf3 Bg7 10. O-O O-O 11. h3 Qa5 12. Re1 Rfb8 13. e4 Ne8 14. Qc2 Nc7 15.
Bd2 Qb6 16. Rab1 Nb5 17. Nxb5 Bxb5 18. b4 Qa6 19. Bf1 Bxf1 20. Rxf1 cxb4 21.
Rxb4 Rxb4 22. Bxb4 Qxa2 23. Qxa2 Rxa2 24. Rc1 Ra1 25. Rxa1 Bxa1 26. Kf1 f5 27.
exf5 Nb6 28. fxg6 hxg6 29. Ke2 Nxd5 30. Ba5 Bf6 31. Kd3 Kf7 32. Nd2 e6 33. Ne4
Be7 34. Bd2 Ke8 35. f4 Kd7 36. Ba5 1/2-1/2

[Event "XIV Miedzynarodowe Mistrzostwa Gdanska "]
[Site "CEN Gdansk"]
[Date "2012.??.??"]
[Round "6.4"]
[White "Gluszko, Monika"]
[Black "Khamitskiy, Sergei"]
[Result "0-1"]
[WhiteElo "2015"]
[BlackElo "2290"]
[PlyCount "94"]
[EventDate "2012.??.??"]

1. e4 e6 2. d4 d5 3. exd5 exd5 4. Nf3 Bg4 5. Qe2+ Qe7 6. Be3 Nc6 7. Nbd2 Bf5 8.
c3 f6 9. O-O-O O-O-O 10. h3 g5 11. g4 Be6 12. Nb3 Qd7 13. Nc5 Bxc5 14. dxc5 h5
15. gxh5 Re8 16. Bg2 Qf7 17. Nd4 Nxd4 18. Rxd4 Ne7 19. Ra4 a6 20. Re1 Nf5 21.
c6 bxc6 22. Qxa6+ Kd7 23. Ba7 Nd6 24. c4 Rxh5 25. Rd1 g4 26. cxd5 Bxd5 27. hxg4
Rhe5 28. Bxd5 Rxd5 29. Rad4 Ra8 30. Rxd5 cxd5 31. Rd3 Qe6 32. Qa4+ c6 33. Re3
Qg8 34. Qa6 Qxg4 35. Rc3 Qf4+ 36. Kd1 Rc8 37. Rg3 Nf5 38. Rg6 Qe4 39. Kc1 Qf4+
40. Kd1 Qe4 41. Kc1 Qh1+ 42. Kc2 Qh7 43. Rg1 Ne3+ 44. Kd2 Qc2+ 45. Kxe3 Re8+
46. Kf3 Qe4+ 47. Kg3 Rg8+ 0-1